Statistics for Football (Soccer) Players By Their First Name (Really Hard!)

Click here to take the quiz!

General Stats

  • This quiz has been taken 311 times
    (306 since last reset)
  • The average score is 7 of 20

Answer Stats

ClubLast NameFirst Name% Correct
LiverpoolShelveyJonjo
84%
TottenhamSigurđssonGylfi
77%
FulhamHangelandBrede
54%
Wigan (On Loan)MiyachiRyo
48%
WiganMcmanamanCallum
40%
StokeJonesKenwyne
38%
ReadingMariappaAdrian
36%
Manchester CityNastasicMatija
34%
NewcastleBigirimanaGael
31%
NewcastleYanga-M'BiwaMapou
31%
LiverpoolAssaidiOussama
31%
WiganBoyceEmmerson
29%
West HamMaïgaModibo
29%
SouthamptonMayukaEmmanuel
27%
FulhamDejagahAshkan
26%
Aston VillaPetrovStiliyan
25%
QPRDiakiteSamba
19%
Norwich City (On Loan)KamaraKei
17%
West BromEl GhanassyYassine
15%
SouthamptonLeeTadanari
8%

Score Distribution

Percentile by Number Answered

Percent of People with Each Score

Your Score History

You have not taken this quiz since the last reset